<?xml version="1.0" encoding="UTF-8"?>
<collection xmlns="http://www.loc.gov/MARC21/slim">
    <record>
        <controlfield tag="001">48446</controlfield>
        <controlfield tag="005">20210121114531.0</controlfield>
        <datafield tag="024" ind1="7" ind2=" ">
            <subfield code="2">doi</subfield>
            <subfield code="a">10.1016/j.anpedi.2014.01.012</subfield>
        </datafield>
        <datafield tag="024" ind1="8" ind2=" ">
            <subfield code="2">sideral</subfield>
            <subfield code="a">94169</subfield>
        </datafield>
        <datafield tag="037" ind1=" " ind2=" ">
            <subfield code="a">ART-2015-94169</subfield>
        </datafield>
        <datafield tag="041" ind1=" " ind2=" ">
            <subfield code="a">spa</subfield>
        </datafield>
        <datafield tag="100" ind1=" " ind2=" ">
            <subfield code="a">Roncalés-Samanes, P</subfield>
        </datafield>
        <datafield tag="245" ind1=" " ind2=" ">
            <subfield code="a">Síndrome poliglandular autoinmune tipo 1 y mutación C322fsX372</subfield>
        </datafield>
        <datafield tag="260" ind1=" " ind2=" ">
            <subfield code="c">2015</subfield>
        </datafield>
        <datafield tag="506" ind1="0" ind2=" ">
            <subfield code="a">Access copy available to the general public</subfield>
            <subfield code="f">Unrestricted</subfield>
        </datafield>
        <datafield tag="520" ind1="3" ind2=" ">
            <subfield code="a">Los síndromes poliglandulares autoinmunes son raras endocrinopatías en las que coexisten alteraciones de las glándulas endocrinas, basadas en mecanismos autoinmunes con otras enfermedades no endocrinas. En el tipo 1, las manifestaciones características son la candidiasis mucocutánea crónica, el hipoparatiroidismo y la insuficiencia suprarrenal.
Presentamos a una paciente que presenta la secuencia clínica típica, junto con otras alteraciones, realizando estudio genético del gen autoimmune regulator (AIRE), detectándose una mutación en homocigosis, C322fsX372.
La herencia es autonómica recesiva, asociada a mutaciones en el gen AIRE, el cual codifica una proteína que interviene en procesos de autoinmunidad e inmunodeficiencia.
Para el diagnóstico, se requieren al menos 2 de las 3 manifestaciones clínicas principales, aunque en el estudio de familiares de pacientes afectados solo se requiere una de ellas.
Estos síndromes deben ser diagnosticados en etapas tempranas, dada su alta morbimortalidad. Es necesario tratar cada una de las alteraciones, con el objetivo de preservar la calidad de vida.

Polyglandular autoimmune syndromes are rare diseases based on autoimmune mechanisms in which endocrine and non-endocrine disorders coexist. In type 1 the characteristic manifestations are chronic mucocutaneous candidiasis, hypoparathyroidism and adrenal insufficiency.
A case is presented of a patient with typical clinical sequence, along with other changes, and in whom a mutation in homozygosis, C322fsX372, was detected after performing a molecular analysis of autoimmunity regulator gene (AIRE).
Inheritance is autosomal recessive, associated with mutations in the AIRE gene, which encodes a protein involved in autoimmunity and immunodeficiency.
For diagnosis, At least two of the three major clinical manifestations are required for a diagnosis. However, only one of them is necessary in the study of relatives of affected patients.
These syndromes must be diagnosed early, given their high morbidity and mortality. Every manifestation needs to be treated, in order to maintain the quality of life.</subfield>
        </datafield>
        <datafield tag="540" ind1=" " ind2=" ">
            <subfield code="9">info:eu-repo/semantics/openAccess</subfield>
            <subfield code="a">by-nc-nd</subfield>
            <subfield code="u">http://creativecommons.org/licenses/by-nc-nd/3.0/es/</subfield>
        </datafield>
        <datafield tag="590" ind1=" " ind2=" ">
            <subfield code="a">0.773</subfield>
            <subfield code="b">2015</subfield>
        </datafield>
        <datafield tag="591" ind1=" " ind2=" ">
            <subfield code="a">PEDIATRICS</subfield>
            <subfield code="b">106 / 120 = 0.883</subfield>
            <subfield code="c">2015</subfield>
            <subfield code="d">Q4</subfield>
            <subfield code="e">T3</subfield>
        </datafield>
        <datafield tag="592" ind1=" " ind2=" ">
            <subfield code="a">0.224</subfield>
            <subfield code="b">2015</subfield>
        </datafield>
        <datafield tag="593" ind1=" " ind2=" ">
            <subfield code="a">Pediatrics, Perinatology and Child Health</subfield>
            <subfield code="c">2015</subfield>
            <subfield code="d">Q3</subfield>
        </datafield>
        <datafield tag="655" ind1=" " ind2="4">
            <subfield code="a">info:eu-repo/semantics/article</subfield>
            <subfield code="v">info:eu-repo/semantics/acceptedVersion</subfield>
        </datafield>
        <datafield tag="700" ind1=" " ind2=" ">
            <subfield code="0">(orcid)0000-0002-2865-5813</subfield>
            <subfield code="a">De Arriba Muñoz, A</subfield>
            <subfield code="u">Universidad de Zaragoza</subfield>
        </datafield>
        <datafield tag="700" ind1=" " ind2=" ">
            <subfield code="a">Lou Francés, G</subfield>
        </datafield>
        <datafield tag="700" ind1=" " ind2=" ">
            <subfield code="0">(orcid)0000-0002-5750-7350</subfield>
            <subfield code="a">Ferrer Lozano, M</subfield>
        </datafield>
        <datafield tag="700" ind1=" " ind2=" ">
            <subfield code="a">Justa Roldán, ML</subfield>
        </datafield>
        <datafield tag="700" ind1=" " ind2=" ">
            <subfield code="0">(orcid)0000-0003-2832-2266</subfield>
            <subfield code="a">Labarta Aizpún, JI</subfield>
            <subfield code="u">Universidad de Zaragoza</subfield>
        </datafield>
        <datafield tag="710" ind1="2" ind2=" ">
            <subfield code="1">1006</subfield>
            <subfield code="2">245</subfield>
            <subfield code="a">Universidad de Zaragoza</subfield>
            <subfield code="b">Dpto. Fisiatría y Enfermería</subfield>
            <subfield code="c">Área Educación Física y Depor.</subfield>
        </datafield>
        <datafield tag="710" ind1="2" ind2=" ">
            <subfield code="1">1010</subfield>
            <subfield code="2">670</subfield>
            <subfield code="a">Universidad de Zaragoza</subfield>
            <subfield code="b">Dpto. Pediatría Radiol.Med.Fís</subfield>
            <subfield code="c">Área Pediatría</subfield>
        </datafield>
        <datafield tag="773" ind1=" " ind2=" ">
            <subfield code="g">82, 1 (2015), e60-63</subfield>
            <subfield code="p">An. pediatr.</subfield>
            <subfield code="t">Anales de Pediatria</subfield>
            <subfield code="x">1695-4033</subfield>
        </datafield>
        <datafield tag="856" ind1="4" ind2=" ">
            <subfield code="s">188718</subfield>
            <subfield code="u">http://zaguan.unizar.es/record/48446/files/texto_completo.pdf</subfield>
            <subfield code="y">Postprint</subfield>
        </datafield>
        <datafield tag="856" ind1="4" ind2=" ">
            <subfield code="s">107047</subfield>
            <subfield code="u">http://zaguan.unizar.es/record/48446/files/texto_completo.jpg?subformat=icon</subfield>
            <subfield code="x">icon</subfield>
            <subfield code="y">Postprint</subfield>
        </datafield>
        <datafield tag="909" ind1="C" ind2="O">
            <subfield code="o">oai:zaguan.unizar.es:48446</subfield>
            <subfield code="p">articulos</subfield>
            <subfield code="p">driver</subfield>
        </datafield>
        <datafield tag="951" ind1=" " ind2=" ">
            <subfield code="a">2021-01-21-11:10:40</subfield>
        </datafield>
        <datafield tag="980" ind1=" " ind2=" ">
            <subfield code="a">ARTICLE</subfield>
        </datafield>
    </record>

    
</collection>